Представление документа в формате MARC21

Поле Инд. ПП Название Значение
Тип записи a
Библиографический уровень b
001 Контрольный номер RU/IS/BASE/475580828
005 Дата корректировки 20220915174005.1
008 Кодируемые данные 20150126
040 b Код языка каталог. rus
e Правила каталог. PSBO
041 0_ a Код языка текста rus
084 a Индекс другой классификации/Индекс ББК 60.8; 66.3(2Рос),123
100 1_ a Автор Ефремов С. В.
q Полное имя Ефремов Сергей Владиславович
245 10 a Заглавие Оценка готовности региональных органов власти привлекать независимых поставщиков социальных услуг
504 a Библиография Лит.: с. 108. - Прил.: с. 106-107. - Примеч.: с. 109
520 0_ a Аннотация Рассмотрена готовность региональной власти к привлечению негосударственных поставщиков социальных услуг за счет бюджетных средств. Проверялась гипотеза о том, что готовность к этому зависит от понимания органами власти регионов необходимости такого привлечения... Сделан вывод о том, что большинство регионов считают себя готовыми и понимают задачи разгосударствления. Однако ведомственность интересов и консервативность органов власти могут порождать порочный круг - регионы, не имеющие опыта привлечения, не стремятся ее приобрести. В ходе опроса не было выявлено единого видения привлечения негосударственных поставщиков...
650 04 a Основная рубрика внутренняя политика
a Основная рубрика политика
a Основная рубрика социальное управление
653 0_ a Ключевые слова ведомственные интересы
a Ключевые слова государственная власть
a Ключевые слова государственное управление
a Ключевые слова здравоохранение
a Ключевые слова культура
a Ключевые слова негосударственные услуги
a Ключевые слова негосударственный поставщик
a Ключевые слова некоммерческие организации (НКО)
a Ключевые слова образование
a Ключевые слова разгосударствление
a Ключевые слова региональная власть
a Ключевые слова Россия
a Ключевые слова социальная политика
a Ключевые слова социальные услуги
a Ключевые слова спорт
773 18 t Заглавие источника Вопросы государственного и муниципального управления
d Дата издания источника 2013
g Прочая информация № 1. - С. 91 - 109 : 9 табл.
w Контрольный № источника RU/IS/BASE/421858656
901 t Тип документа b